Strategic Supply Chain Management : (Record no. 17040)
[ view plain ]
| 000 -LEADER | |
|---|---|
| fixed length control field | 00761cam a22002174a 4500 |
| 001 - CONTROL NUMBER | |
| control field | 13516006 |
| 005 - DATE AND TIME OF LATEST TRANSACTION | |
| control field | 20120927172640.0 |
| 008 - FIXED-LENGTH DATA ELEMENTS--GENERAL INFORMATION | |
| fixed length control field | 040309s2005 nyua b 001 0 eng |
| 010 ## - LIBRARY OF CONGRESS CONTROL NUMBER | |
| LC control number | 2004004456 |
| 020 ## - INTERNATIONAL STANDARD BOOK NUMBER | |
| International Standard Book Number | 0071432175 (hardcover : alk. paper) |
| 082 00 - DEWEY DECIMAL CLASSIFICATION NUMBER | |
| Classification number | 658.7 |
| Edition number | 22 |
| Item number | COH |
| 100 1# - MAIN ENTRY--PERSONAL NAME | |
| Personal name | Cohen, Shoshanah. |
| 9 (RLIN) | 31007 |
| 245 10 - TITLE STATEMENT | |
| Title | Strategic Supply Chain Management : |
| Remainder of title | the Five Disciplines for Top Performance / |
| Statement of responsibility, etc | Shoshanah Cohen, Joseph Roussel. |
| 260 ## - PUBLICATION, DISTRIBUTION, ETC. (IMPRINT) | |
| Place of publication, distribution, etc | New York : |
| Name of publisher, distributor, etc | McGraw-Hill, |
| Date of publication, distribution, etc | c2005. |
| 300 ## - PHYSICAL DESCRIPTION | |
| Extent | xix, 216 p. : |
| Other physical details | ill. ; |
| Dimensions | 24 cm. |
| 504 ## - BIBLIOGRAPHY, ETC. NOTE | |
| Bibliography, etc | Includes bibliographical references (p. 301-305) and index. |
| 650 #0 - SUBJECT ADDED ENTRY--TOPICAL TERM | |
| Topical term or geographic name as entry element | Business logistics. |
| 9 (RLIN) | 31008 |
| 653 ## - INDEX TERM--UNCONTROLLED | |
| Resource For college | |
| Arrived date list | September2012 |
| 700 1# - ADDED ENTRY--PERSONAL NAME | |
| Personal name | Roussel, Joseph, |
| Dates associated with a name | 1962- |
| 9 (RLIN) | 31009 |
| 942 ## - ADDED ENTRY ELEMENTS (KOHA) | |
| Source of classification or shelving scheme | Dewey Decimal Classification |
| Item type | Book - Borrowing |
| Withdrawn status | Item status | Source of classification or shelving scheme | Damaged status | Not for loan | Vendor | Home library | Current library | Shelving location | Date acquired | Source of acquisition | Cost, normal purchase price | Serial Enumeration / chronology | Total Checkouts | Full call number | Barcode | Date last seen | Date last borrowed | Koha item type | Total Renewals |
|---|---|---|---|---|---|---|---|---|---|---|---|---|---|---|---|---|---|---|---|
| Dewey Decimal Classification | Baccah | Central Library | Central Library | First floor | 27/09/2012 | 190.00 | 3 | 1 | 658.7 COH | 000027478 | 15/07/2025 | 03/12/2012 | Book - Borrowing | ||||||
| Dewey Decimal Classification | Baccah | Central Library | Central Library | First floor | 27/09/2012 | 190.00 | 3 | 1 | 658.7 COH | 000027479 | 15/07/2025 | 05/12/2012 | Book - Borrowing | 29 | |||||
| Dewey Decimal Classification | Baccah | Central Library | Central Library | First floor | 27/09/2012 | 190.00 | 3 | 658.7 COH | 000027480 | 15/07/2025 | Book - Borrowing | ||||||||
| Dewey Decimal Classification | Baccah | Central Library | Central Library | First floor | 27/09/2012 | 190.00 | 3 | 1 | 658.7 COH | 000027481 | 15/07/2025 | 19/12/2012 | Book - Borrowing | 3 | |||||
| Dewey Decimal Classification | Baccah | Central Library | Central Library | First floor | 27/09/2012 | 190.00 | 3 | 658.7 COH | 000027482 | 15/07/2025 | Book - Borrowing |